000 01321cam a2200397 4500
999 _c23456
_d23456
001 vtls011968944
005 20221011074858.0
008 220422s2020 xo gr 000 f slo
020 _a9788055172415
_q(viazané)
035 _aurn:nbn:sk:snk-am00fgr2
035 _aEDBFD441-3EBB-4DE7-BDE8-13927AC4B673
035 _aurn:nbn:sk:snk-am3iz7j
040 _aZKSE
_bslo
_cZKSE
_erda
041 1 _aslo
_heng
044 _axo
_cSK
072 7 _a821.111(73)-3
_xAmerická próza
_2konspekt
080 _a821.111(73)-31
_22011
080 _a(0:82-312.5)
_22011
100 1 _aLindsey, Johana,
_d1952-2017
_4aut
_93674
240 1 0 _aTemptation's darling
_lSlovensky
245 1 0 _aSladké vábenie
_cJohanna Lindseyová ; preložila Miriam Ghaniová
264 1 _aBratislava
_bIkar
_c2020
300 _a309 strán
_c21 cm
336 _atext
_btxt
_2rdacontent
337 _abez média
_bn
_2rdamedia
338 _azväzok
_bnc
_2rdacarrier
500 _aPreložené z angličtiny
500 _aObsahuje stručné biografické údaje o autorke na zadnej obálke
655 7 _aamerické romány
_2SNKPH
_92
655 7 _aAmerican novels
_2SNKPHeng
_91670
655 7 _aľúbostné romány
_2SNKPH
_913
655 7 _aLove novels
_2SNKPHeng
_91667
700 1 _aGhaniová, Miriam
_4trl
_93677
958 _aLX
958 _aUP